LEADER 01109nam a2200241 i 4500 001 000000165294 003 CaOOAMICUS 005 20260427155543.0 008 071012s1970 it u000 u ita u 040 $aSeMil$bita 245 12$aI Fioretti di S. Francesco e le considerazioni sulle stimmate /$cNota introduttiva di Fr. Agostino Gemelli. 264 1$aMilano :$bVita e Pensiero,$c1970. 300 $aXII, 305 p. ;$c20 cm. 650 4$aFrancesco : d'Assisi . Fioretti.$0(OLS)http://semarc/subject/7644 700 1 $aGemelli, Agostino,$c.$0(OLS)http://semarc/name/2238 700 1 $aFrancesco : d'Assisi,$c.$0(OLS)http://semarc/name/18131 850 $aSeMil 852 $aSeMil$W1$xVenegono$y1$m1A I 212$j271055$B116488$CSeMilBibl$Z2$F128672 $81 941 1 $a3 961 $aLascito: Colombo Card. Giovanni 996 $6245$aI Fioretti di S. Francesco e le considerazioni sulle stimmate$9(OLS)http://semarc/title/235954 996 $6264$aMilano :$bVita e Pensiero$9(OLS)http://semarc/publisher/29642